LEADER 03916nam 2200673 a 450 001 9910788316303321 005 20230803032531.0 010 $a0-292-74407-2 024 7 $a10.7560/714533 035 $a(CKB)3170000000060187 035 $a(EBL)3443648 035 $a(SSID)ssj0000853973 035 $a(PQKBManifestationID)11525643 035 $a(PQKBTitleCode)TC0000853973 035 $a(PQKBWorkID)10902176 035 $a(PQKB)10184246 035 $a(MiAaPQ)EBC3443648 035 $a(OCoLC)828078328 035 $a(MdBmJHUP)muse25074 035 $a(Au-PeEL)EBL3443648 035 $a(CaPaEBR)ebr10656989 035 $a(OCoLC)932314310 035 $a(DE-B1597)588170 035 $a(DE-B1597)9780292744073 035 $a(EXLCZ)993170000000060187 100 $a20120709d2013 uy 0 101 0 $aeng 135 $aur|n|---||||| 181 $ctxt 182 $cc 183 $acr 200 10$aFrom the Republic of the Rio Grande$b[electronic resource] $ea personal history of the place and the people /$fBeatriz de la Garza 205 $a1st ed. 210 $aAustin $cUniversity of Texas Press$d2013 215 $a1 online resource (256 p.) 225 0$aJack and Doris Smothers series in Texas history, life, and culture ;$vno. 35 300 $aDescription based upon print version of record. 311 $a0-292-71453-X 320 $aIncludes bibliographical references and index. 327 $aThe Republic of the Rio Grande -- The kingdom of Zapata -- Grandfather's revolution : the horseman -- Grandfather's revolution : the historian -- The prodigal -- "You and I will die of love" -- "Not a stone upon a stone" -- The streets of Laredo -- Voyages in English. 330 $aThe Republic of the Rio Grande had a brief and tenuous existence (1838?1840) before most of it was reabsorbed by Mexico and the remainder annexed by the United States, yet this region that straddles the Rio Grande has retained its distinctive cultural identity to the present day. Born on one side of the Rio Grande and raised on the other, Beatriz de la Garza is a product of this region. Her birthplace and its people are the subjects of this work, which fuses family memoir and borderlands history. From the Republic of the Rio Grande brings new insights and information to the study of transnational cultures by drawing from family papers supplemented by other original sources, local chronicles, and scholarly works. De la Garza has fashioned a history of this area from the perspective of individuals involved in the events recounted. The book is composed of nine sections spanning some two hundred years, beginning in the mid-1700s. Each section covers not only a chronological period but also a particular theme relating to the history of the region. De la Garza takes a personal approach, opening most sections with an individual observation or experience that leads to the central motif, whether this is the shared identity of the inhabitants, their pride in their biculturalism and bilingualism, or their deep attachment to the land of their ancestors. 410 0$aJack and Doris Smothers Series in Texas History, Life, and Culture 606 $aHISTORY / United States / State & Local / Southwest (AZ, NM, OK, TX)$2bisacsh 607 $aMexico, North$xHistory 607 $aMexico, North$xHistory$xAutonomy and independence movements 607 $aTexas, South$xHistory 607 $aMexican-American Border Region$xHistory 607 $aMexico, North$vBiography 607 $aTexas, South$vBiography 615 7$aHISTORY / United States / State & Local / Southwest (AZ, NM, OK, TX). 676 $a972/.1 700 $aDe La Garza$b Beatriz Eugenia$01467494 801 0$bMiAaPQ 801 1$bMiAaPQ 801 2$bMiAaPQ 906 $aBOOK 912 $a9910788316303321 996 $aFrom the Republic of the Rio Grande$93778351 997 $aUNINA LEADER 03092nas 2200673- 450 001 996211538803316 005 20231101152337.0 011 $a1867-0202 035 $a(OCoLC)319012217 035 $a(CKB)1000000000543523 035 $a(CONSER)--2017207451 035 $a(DE-599)ZDB2478345-6 035 $a(EXLCZ)991000000000543523 100 $a20090422a20099999 --- a 101 0 $aeng 135 $aur||||||||||| 181 $ctxt$2rdacontent 182 $cc$2rdamedia 183 $acr$2rdacarrier 200 00$aBusiness & information systems engineering 210 1$a[Wiesbaden, Germany] :$cGabler Verlag,$d2009- 215 $a1 online resource 300 $aRefereed/Peer-reviewed 300 $aPublished online only, 2009- 311 $a2363-7005 330 3 $aThe journal's objective is to cement its competitive position as a prominent journal of the BISE (Business & Information Systems Engineering) community and reinforce that status through quality improvements and extending its readership. In addition, the journal seeks to establish design science oriented research within the global arena, secure a lasting position and reputation in the global BISE community, and foster constructive dialogue among the discipline's differing international models. Therefore, the journal aims at further developing the theoretical foundations of action in order to preserve sustainable approaches despite tempestuous technical development. Besides, the journal aspires to promote technology transfer in order to make better solutions available faster and to considerably reduce costs of system design and operation. The central mission is to develop, promote, and shape the BISE discipline for the benefit of its members and society. 517 1 $aBusiness and information systems engineering 517 1 $aBISE 531 $aBUSINESS AND INFORMATION SYSTEMS ENGINEERING 531 $aBUS INFORM SYST ENG+ 531 $aBUS. INF. SYST. ENG 531 0 $aBus. inf. syst. eng. 606 $aElectronic digital computers$vPeriodicals 606 $aElectronic data processing$vPeriodicals 606 $aOrdinateurs$vPériodiques 606 $aElectronic data processing$2fast 606 $aElectronic digital computers$2fast 608 $aPeriodicals$2fast 608 $aZeitschrift.$2gnd-content 610 00$ainformatietechnologie 610 00$ainformation technology 610 00$ainformatica 610 00$ainformatics 610 00$abedrijfsmanagement 610 00$abusiness management 610 10$aInformation and Communication Technology (General) 610 10$aInformatie- en communicatietechnologie (algemeen) 615 0$aElectronic digital computers 615 0$aElectronic data processing 615 6$aOrdinateurs 615 7$aElectronic data processing 615 7$aElectronic digital computers 676 $a004 686 $a004$qDE-600$2sdnb 686 $a004$a795$2zdbs 906 $aJOURNAL 912 $a996211538803316 996 $aBusiness & information systems engineering$92245744 997 $aUNISA